书目信息 |
| 题名: |
中国运动员在国际比赛中的成就
|
|
| 作者: | 郭选 编 | |
| 分册: | ||
| 出版信息: | 北京 人民体育出版社 1983 |
|
| 页数: | 407页 | |
| 开本: | 21cm | |
| 丛书名: | ||
| 单 册: | ||
| 中图分类: | G812.8 | |
| 科图分类: | ||
| 主题词: | 运动成绩--中国 | |
| 电子资源: | ||
| ISBN: | ||
| 000 | 00906nam0 2200265 45 | |
| 001 | 0183011254 | |
| 005 | 20040508091120.1 | |
| 010 | @dCNY2.80 | |
| 091 | @a7015.2117 | |
| 100 | @a19950609d1983 am y0chiy0121 ea | |
| 101 | 0 | @achi |
| 102 | @aCN@b110000 | |
| 105 | @af i 000yy | |
| 106 | @ar | |
| 200 | 10 | @a中国运动员在国际比赛中的成就@Azhong guo yun dong yuan zai guo ji bi sai zhong de cheng jiu@e历届奥运会各项金牌获得者@e历届亚运会各项金牌获得者@f郭选等编 |
| 210 | @a北京@c人民体育出版社@d1983 | |
| 215 | @a407页@c照片@d21cm | |
| 517 | 1 | @a历届奥运会各项金牌获得者@Ali jie ao yun hui ge xiang jin pai huo de zhe |
| 517 | 1 | @a历届亚运会各项金牌获得者@Ali jie ya yun hui ge xiang jin pai huo de zhe |
| 606 | @a运动成绩@y中国 | |
| 690 | @aG812.8@v3 | |
| 701 | 0 | @a郭选@Aguo xuan@4编 |
| 801 | 0 | @aCN@b上海图书馆@c20040508 |
| 801 | 2 | @aCN@bNLC@c20040508 |
| 905 | @f4@b102776-779@dG812.8@e9 | |
| 中国运动员在国际比赛中的成就:历届奥运会各项金牌获得者:历届亚运会各项金牌获得者/郭选等编.-北京:人民体育出版社,1983 |
| 407页:照片;21cm |
| ISBN :CNY2.80 |
| ● |
| 相关链接 |
|
|
|
|
正题名:中国运动员在国际比赛中的成就
索取号:G812.8/9
 
预约/预借
| 序号 | 登录号 | 条形码 | 馆藏地/架位号 | 状态 | 备注 |
| 1 | 0102776 | 000299199 | 密集书库/ [索取号:G812.8/9] | 在馆 | |
| 2 | 0102777 | 000299206 | 密集书库/ [索取号:G812.8/9] | 在馆 | |
| 3 | 0102778 | 000997755 | 密集书库/ [索取号:G812.8/9] | 在馆 | |
| 4 | 0102779 | 000299135 | 密集书库/ [索取号:G812.8/9] | 在馆 | |
| 5 | 0102780 | 002065295 | 第一样本阅览室/ [索取号:G812.8/9] | 在馆 |